| 000 | 01155nam a22002777a 4500 | ||
|---|---|---|---|
| 005 | 20080929101452.0 | ||
| 008 | 080929t xxu||||| |||| 00| 0chin d | ||
| 010 | _aHIN-92070 | ||
| 020 |
_a8189821083 _c400.00 |
||
| 020 | _a9788189821081 | ||
| 035 | _aHN-64416 | ||
| 037 | _bDBAD / PUB | ||
| 040 |
_aDPL _bHN |
||
| 082 | _a371.33 | ||
| 100 |
_aजय प्रकाश सिंह _926640 |
||
| 245 |
_aशिक्षण तकनीकी / _cजय प्रकाश सिंह एवं दिलीप यादव |
||
| 246 |
_aShikshan takniki _bby Jaiparkash singh |
||
| 260 |
_aदिल्ली _bअर्पिता प्रकाशन _c2010 |
||
| 270 |
_aबी-424/21, भजनपुरा _bदिल्ली _k011-65796579 |
||
| 300 |
_a208पृ. _c22सेमी (सजिल्द) |
||
| 650 | _9697 | ||
| 650 | _9698 | ||
| 700 |
_926643 _aयादव, दिलीप |
||
| 942 |
_2ddc _cHN _h371.33 _mजयप्र |
||
| 999 |
_c51135 _d51135 |
||